000 00652nam a2200229Ia 4500
003 OSt
005 20220925174259.0
006 a|||||r|||| 00| 0
007 ta
008 220923b |||||||| |||| 00| 0 eng d
037 _cGeneral Book
040 _aRTL
_cRTL
_beng
041 _2eng
_aeng
082 _aX:89P:(B), M1
100 _aGupta Sushil K
_9126165
245 0 _aProduction schedulin techniques
260 _aCalcutta
_bK P Bagchi India
_c1981
300 _a162p. Bib p147-58,Appendix p117-46
_ccm.
650 _aWork Study
_9234105
942 _hX:89P:(B), M1
_cGB
_2CC
999 _c490508
_d490508